| 000 | 00824nam a2200289 a 4500 | ||
|---|---|---|---|
| 001 | 82398 | ||
| 003 | BD-RjUL | ||
| 005 | 20231204145551.0 | ||
| 008 | 231204s2019 nju 000 0 eng d | ||
| 020 | _a9789353430818 | ||
| 020 | _a0130873063 | ||
| 035 | _a(BD-RjUL)82398 | ||
| 040 |
_aBBR _beng _cBD-RjUL |
||
| 041 | _aeng | ||
| 082 |
_223 _a155.4 _bFEC 2019 |
||
| 100 | 1 |
_aFeldman, Robert Stephen _910331 |
|
| 245 | 1 | 0 |
_aChild development / _cS. Robert Feldman |
| 250 | _a8th ed. | ||
| 260 |
_aUttar Pradesh : _bPearson India Education, _c2019 |
||
| 300 |
_axx, 570 p. : _bill. ; _c25 cm. |
||
| 504 | _aIncludes bibliographical references and indexes. | ||
| 650 | 4 | _aChild psychology | |
| 650 | 4 | _aChild development | |
| 650 | 4 |
_aAdolescence _910332 |
|
| 650 | 4 |
_aAdolescent psychology _910333 |
|
| 942 |
_2ddc _cBK |
||
| 999 |
_c82398 _d82398 |
||